000 00944nas a2200301 4500
001 BR2010004194
003 BR-BrBNA
005 20231205114705.0
007 ta
008 230509b bl.|||p| |||| 00| 00por d
040 _aBR-BrBNA
_bpor
_cBiblioteca Nacional de Agricultura
041 _a(Pt)
072 _aF01
100 1 _aArbos, K.A.
100 1 _aFreitas, R.J.S. de
100 1 _aSterz, S.C.
100 1 _aDornas, M.F.
245 1 _aInfluência dos sistemas de cultivo orgânico e convencional na atividade antioxidante de hortaliças
650 _aSISTEMA DE CULTIVO
650 _aAGRICULTURA ORGÂNICA
650 _aALFACE
650 _aRÚCULA
650 _aHORTALIÇA
650 _aANTIOXIDANTE
773 0 _tBoletim do Centro de Pesquisa e Processamento de Alimentos (Brazil)
_xISSN 0102-0323
_g(Jan-Jun 2009), v. 27(1) p. 53-58
_wBR2010004194
909 _a202311
_bLúcia
_c55
_dLúcia Elande
942 _2AGRIS
_n0
_cANA
999 _c209978
_d209978